Crazy Ivans Quiz Stats

 Plays Quiz not verified by Sporcle

Score 0/70 Timer 07:00
0 Plays Today
Date acquired Username % Correct
May 7, 2018alinrotundu
100%
July 11, 2018Scott
100%
July 15, 2018Pushcake
100%
February 4, 2011sproutcm
81.3%
May 31, 2008Matt
54.2%
August 15, 2016bhenderson79
54.2%
April 22, 2010Ben
53.9%
May 2, 2016El_Dandy
53.3%
June 7, 2017DesertSpartan
43.8%
September 2, 2008Derek
43%
June 6, 2011Flick
39.4%
November 11, 2016teedslaststand
39.1%
August 2, 2012rockgolf
39.1%
December 6, 2010Hejman
38.4%
April 21, 2009SporcleAdmin
37%
April 19, 2017kfastic
36.8%
December 6, 2010LTH
36.6%
November 19, 2012druhutch
36.3%
July 3, 2015beforever
35.5%
July 31, 2017LisaSimpsonOH
33.3%
December 11, 2012MSUKent
31.8%
May 28, 2017gazzso
31.3%
January 25, 2013caramba
29.3%
November 19, 2012MovieGuru
28.6%
February 9, 2018lolshortee
28.6%
December 17, 2017NJSB
28.6%
December 18, 2017Cutthroat
28.6%
December 27, 2015Aprilli
28.3%
July 11, 2013RobPro
28.1%
July 18, 2013needapausebutton
26.3%
April 18, 2017metashades
26.3%
July 25, 2016bowsntoys
25.9%
March 15, 2016BillyJoelRulez
25.8%
June 6, 2017Rackie
25%
January 11, 2017Chenchilla
23.8%
Date acquired Username % Correct
May 13, 2017timmylemoine1
23.5%
September 23, 2017awesomeness365
23.1%
April 24, 2013MrChewypoo
22.8%
February 20, 2016Purple_Parrot
20%
July 24, 2017Thebiguglyalien
20%
August 4, 2017MoMosMoProblems
20%
May 17, 2013slipkid
18.7%
September 4, 2015CCCP
18.2%
May 14, 2017pdigoe
17.6%
February 14, 2013citkeane
17.4%
September 18, 2016jyrops
16.7%
October 31, 2014Survivor
16.2%
December 7, 2014hscer
16.1%
August 31, 2012gwukelic
15.1%
March 26, 2018christopherjulia
14.3%
March 17, 2014bazmerelda
14.1%
July 4, 2017tr4pD00r
13.3%
July 1, 2017Tom007
13.3%
July 2, 2015Spacemaniac
11.3%
January 26, 2015triviahappy
10.8%
September 19, 2014razorz
10.7%
November 29, 2017samc67
7.7%
April 22, 2015puckett86
7%
June 27, 2017chaosBEE
6.7%
July 19, 2017Qaqaq
6.7%
June 5, 2017william2
6.3%
April 11, 2018Stanford0008
0%
June 25, 2018hatefulmissy
0%
July 18, 2018geshmonkey
0%
July 23, 2018PrincessMartell
0%
September 26, 2018hockeystix3
0%
September 5, 2018DarkPhalanx
0%
September 4, 2018goc3
0%
August 30, 2018tim_parr
0%
August 25, 2018Bolafssonify
0%

You're not logged in!

Compare scores with friends on all Sporcle quizzes.
OR
Log In

Show Comments

Extras

Top Quizzes Today


Score Distribution

Your Account Isn't Verified!

In order to create a playlist on Sporcle, you need to verify the email address you used during registration. Go to your Sporcle Settings to finish the process.

Report this User

Report this user for behavior that violates our Community Guidelines.

Details: